000 00356nam a22001217a 4500
082 _a958
_bMAL
_cL-30II, P-38
100 _aMalik, S.K,
_937514
245 _aThe Muslim Conquest of Central Asia
_cMalik, S.K,
260 _aRawalpindi :
_bArmy Education Press
_cFirst 1981
300 _a118p. :
526 _a0
_b0
_c0
_d958_000000000000000_MAL
942 _2ddc
_cBK
999 _c551949
_d551949